Nový zákon o ekologickom poľnohospodárstve

Bibliographic Details
Main Author: Schlosserová, Juliana (Author)
Other Authors: Kubinec, Severín (Reviewer)
Format: Article
Language:Slovak
ISSN:1335-2466
Subjects:

MARC

LEADER 00000nab a2200000 a 4500
001 vtls001562445
003 SK-MaSNL
005 20260426083439.0
008 250505c2005 xo mr|p|||||||000 b|slo
015 |a SNBRB2005/04  |2 snkbucl 
035 |a (uuid)8b0090e9-177e-4c9f-b190-4ee6f72b5f8f 
035 |a urn:nbn:sk:snk-abuzf 
035 |a (urnnbn)urn:nbn:sk:snk:ar-a04ffh 
038 |a SNKBUCL 
040 |a SNKBUCL  |b slo  |c SNKBUCL  |e AACR2 
041 0 |a slo 
044 |a xo  |c SK 
080 |a 631.147:340.13  |x (437.6)  |2 1997 
080 |a 340.13  |x (437.6)  |2 1997 
100 1 |a Schlosserová, Juliana  |4 aut  |9 405720 
245 1 0 |a Nový zákon o ekologickom poľnohospodárstve  |c Juliana Schlosserová ; recenzoval S. Kubinec 
650 0 7 |a ekologické poľnohospodárstvo  |2 snkbucl  |9 3913 
650 0 7 |a zákony  |2 snkbucl  |9 1156 
651 7 |a Slovensko  |2 snkbucl  |9 14231 
700 1 |a Kubinec, Severín  |4 rev  |9 6191 
773 0 |t Naše pole  |g Roč. 9, č. 1 (2005), s. 57  |x 1335-2466 
850 |a Slovenská národná knižnica 
852 |a Slovenská národná knižnica 
954 |a odborná, vedecká literatúra pôvodná (slovenská)  |2 lita 
958 |a article27 
958 |a OND 
958 |a EUIPO 
999 |c 2904749  |d 2906679